| 000 | 00359nam a2200133Ia 4500 | ||
|---|---|---|---|
| 008 | 220204s9999 xx 000 0 und d | ||
| 082 |
_a352 _bNAR |
||
| 100 | _aNARAIN, Iqbal | ||
| 245 | 0 | _aPanchayat Raj administration: Old controls and new challenges | |
| 260 |
_aNew Delhi _bIIPA _c1970 |
||
| 650 | _aAdministration | ||
| 650 | _aPanchayat Raj | ||
| 942 | _cBK | ||
| 999 |
_c24402 _d24402 |
||